[Event "Budapest Art Pub Cup 7th"]
[Site "Budapest"]
[Date "2015.03.14"]
[Round "2"]
[White "Papp, Andrea"]
[Black "Abraham, Lajos"]
[Result "1-0"]
[WhiteElo "1528"]
[BlackElo "1741"]
[PlyCount "91"]
[EventDate "2015.03.13"]
[EventType "swiss"]
[EventRounds "6"]
[EventCountry "HUN"]
[SourceTitle "CBM 165 Extra"]
[Source "ChessBase"]
[SourceDate "2015.04.21"]
[SourceVersion "1"]
[SourceVersionDate "2015.04.21"]
[SourceQuality "1"]

1. e4 c5 2. Nf3 a6 3. d4 cxd4 4. Nxd4 g6 5. Bc4 Qc7 6. Bb3 Nf6 7. Nc3 Bg7 8. 0-0 0-0 9. Re1 d6 10. h3 b5 11. Be3 Nbd7 12. Nd5 Nxd5 13. exd5 Bb7 14. c3 Nc5 15. Nf3 Nxb3 16. axb3 b4 17. Bd4 Bxd4 18. Qxd4 Qc5 19. Qh4 Qxd5 20. Rxe7 Bc6 21. c4 Qh5 22. Qxh5 gxh5 23. Nd4 Rfc8 24. Ra5 d5 25. Nxc6 Rxc6 26. Rxd5 Kf8 27. Ree5 Re8 28. Rxe8+ Kxe8 29. Rxh5 h6 30. Kf1 Re6 31. Rc5 Kd7 32. Rd5+ Kc6 33. Rf5 Rd6 34. Ke2 Re6+ 35. Kd3 Rd6+ 36. Rd5 Rxd5+ 37. cxd5+ Kxd5 38. g4 f5 39. Ke3 Ke5 40. f4+ Kf6 41. Kd4 Ke6 42. g5 hxg5 43. fxg5 Kf7 44. Ke5 Kg6 45. h4 a5 46. Kf4 1-0

[Event "HUN-chT2 Toth 1415"]
[Site "Hungary"]
[Date "2014.12.14"]
[Round "6.9"]
[White "Gulyas, Zoltan"]
[Black "Abraham, Lajos"]
[Result "1-0"]
[WhiteElo "2036"]
[BlackElo "1776"]
[PlyCount "121"]
[EventDate "2014.09.07"]
[EventType "team-tourn"]
[EventRounds "11"]
[EventCountry "HUN"]
[SourceTitle "EXT 2016"]
[Source "ChessBase"]
[SourceDate "2015.10.08"]
[SourceVersion "1"]
[SourceVersionDate "2015.10.08"]
[SourceQuality "1"]
[WhiteTeam "Ujszasz"]
[BlackTeam "Roszke"]
[WhiteTeamCountry "HUN"]
[BlackTeamCountry "HUN"]

1. d4 Nf6 2. c4 e6 3. a3 b6 4. Nc3 Bb7 5. e3 d5 6. Nf3 g6 7. Be2 Bg7 8. 0-0 0-0 9. b3 c5 10. Bb2 Ne4 11. Qc2 Nxc3 12. Bxc3 Nd7 13. Rfd1 Qc7 14. dxc5 bxc5 15. Bxg7 Kxg7 16. Rac1 dxc4 17. Qxc4 a5 18. Qd4+ cxd4 19. Rxc7 d3 20. Rxd3 Bxf3 21. gxf3 Nb6 22. Rd6 Nd5 23. Rb7 Rfb8 24. Rdd7 Rxb7 25. Rxb7 Nc3 26. Bc4 Kf8 27. a4 Rc8 28. Ra7 Rc5 29. f4 g5 30. fxg5 Rxg5+ 31. Kf1 Rh5 32. f3 Nd5 33. Bxd5 Rxd5 34. Rb7 Rh5 35. Kg2 Re5 36. Kf2 Rh5 37. Kg3 Re5 38. e4 Rc5 39. h4 Kg7 40. Rb5 Rc3 41. Kg4 Kg6 42. f4 h5+ 43. Rxh5 Rxb3 44. Rxa5 Rb4 45. e5 Rb1 46. h5+ Kg7 47. Rb5 Rg1+ 48. Kf3 Rf1+ 49. Ke3 Ra1 50. Rb4 Kh6 51. Ke4 Kxh5 52. Kd4 Kg6 53. Kc5 f6 54. exf6 Kxf6 55. Kb6 e5 56. fxe5+ Kxe5 57. a5 Rd1 58. a6 Rd6+ 59. Ka5 Rd8 60. a7 Rd1 61. a8Q 1-0

[Event "HUN-chT2 Toth 1415"]
[Site "Hungary"]
[Date "2014.09.07"]
[Round "1.8"]
[White "Balazs Szalai, Renata"]
[Black "Abraham, Lajos"]
[Result "1-0"]
[WhiteElo "1898"]
[BlackElo "1776"]
[PlyCount "135"]
[EventDate "2014.09.07"]
[EventType "team-tourn"]
[EventRounds "11"]
[EventCountry "HUN"]
[SourceTitle "EXT 2016"]
[Source "ChessBase"]
[SourceDate "2015.10.08"]
[SourceVersion "1"]
[SourceVersionDate "2015.10.08"]
[SourceQuality "1"]
[WhiteTeam "Szentes"]
[BlackTeam "Roszke"]
[WhiteTeamCountry "HUN"]
[BlackTeamCountry "HUN"]

1. d4 Nf6 2. Nf3 b6 3. Bf4 Bb7 4. e3 d6 5. c3 Nbd7 6. Bc4 e6 7. 0-0 g6 8. Nbd2 Bg7 9. Qe2 0-0 10. Bb3 Qc8 11. h3 d5 12. Rfe1 Re8 13. Bc2 Nh5 14. Bh2 Ba6 15. Bd3 Bxd3 16. Qxd3 c5 17. e4 c4 18. Qc2 Bh6 19. e5 Nf4 20. Bxf4 Bxf4 21. a3 Bxd2 22. Qxd2 Kg7 23. g4 h6 24. Nh4 Qd8 25. Ng2 f6 26. f4 fxe5 27. fxe5 g5 28. Rf1 Qe7 29. Qc2 a5 30. Qa4 Rf8 31. Ne3 Rxf1+ 32. Rxf1 Rf8 33. Qc6 Rxf1+ 34. Nxf1 Kh7 35. Ng3 Qe8 36. Nh5 Kg6 37. Qc7 Qf7 38. Qc6 Qe8 39. Qa4 Nf6 40. Qc2+ Ne4 41. Nf6 Qc6 42. Nxe4 dxe4 43. Kf2 Kg7 44. Ke3 Qb5 45. a4 Qd7 46. Qxe4 Qf7 47. Qf3 Qd7 48. Qf6+ Kh7 49. Qf8 Qc6 50. Qf7+ Kh8 51. Qg6 Qh1 52. Qxh6+ Kg8 53. Qxg5+ Kh7 54. Qe7+ Kh8 55. Qxe6 Qxh3+ 56. Ke4 Qd3+ 57. Kd5 Qf3+ 58. Kxc4 Qe2+ 59. Kd5 Qf3+ 60. Kd6 Qf8+ 61. Kc6 Qa8+ 62. Kb5 Qg2 63. Kxb6 Qxb2+ 64. Ka7 Qxc3 65. Qe8+ Kg7 66. Qd7+ Kg6 67. e6 Kf6 68. e7 1-0

[Event "HUN-chT2 Toth 1314"]
[Site "Hungary"]
[Date "2014.04.27"]
[Round "11.9"]
[White "Varga, Tamas"]
[Black "Abraham, Lajos"]
[Result "1-0"]
[WhiteElo "1853"]
[BlackElo "1818"]
[PlyCount "149"]
[EventDate "2013.09.08"]
[EventType "team-tourn"]
[EventRounds "11"]
[EventCountry "HUN"]
[SourceTitle "EXT 2016"]
[Source "ChessBase"]
[SourceDate "2015.10.08"]
[SourceVersion "1"]
[SourceVersionDate "2015.10.08"]
[SourceQuality "1"]
[WhiteTeam "Bekes"]
[BlackTeam "Roszke"]
[WhiteTeamCountry "HUN"]
[BlackTeamCountry "HUN"]

1. e4 e6 2. d4 d5 3. exd5 exd5 4. Bf4 Bd6 5. Bg3 Qe7+ 6. Qe2 Qxe2+ 7. Nxe2 Bxg3 8. Nxg3 Nf6 9. Bd3 g6 10. 0-0 0-0 11. Nd2 b6 12. b4 c6 13. f4 Ba6 14. Bxa6 Nxa6 15. c3 Nc7 16. Nf3 Nd7 17. Ne5 Nxe5 18. fxe5 Ne6 19. Ne2 a5 20. Nf4 axb4 21. Nxe6 fxe6 22. cxb4 b5 23. Rxf8+ Kxf8 24. a3 Ke7 25. Kf2 g5 26. Ke3 h5 27. Ra2 Rf8 28. a4 bxa4 29. Rxa4 Rb8 30. Kd3 Rb7 31. Kc3 Kf7 32. Ra8 Rc7 33. Rh8 Kg6 34. Rf8 Rf7 35. Re8 Kf5 36. Rc8 Ra7 37. Rxc6 Ra3+ 38. Kc2 Ke4 39. b5 Kxd4 40. b6 Ra8 41. Rxe6 Rb8 42. Rc6 Kxe5 43. Kd3 h4 44. Kc3 Ke4 45. Kb4 d4 46. Kc4 Ke5 47. Rc5+ Ke4 48. Rc6 Ke5 49. Kd3 Kd5 50. Rg6 Kc5 51. h3 Rb7 52. Rxg5+ Kxb6 53. Kxd4 Re7 54. Rg4 Re2 55. Kd3 Ra2 56. Ke3 Kc6 57. Kf3 Ra3+ 58. Kf4 Ra2 59. Kg5 Kd6 60. Kxh4 Ke6 61. Kh5 Kf7 62. Rf4+ Kg7 63. g4 Ra3 64. h4 Ra5+ 65. g5 Ra1 66. Rb4 Ra7 67. Rb5 Rc7 68. g6 Ra7 69. Kg5 Ra1 70. Rb7+ Kg8 71. Kh6 Ra8 72. Rb6 Rc8 73. g7 Ra8 74. Rf6 Rb8 75. Kg6 1-0

[Event "Budapest Art Pub Cup 4th"]
[Site "Budapest"]
[Date "2014.04.19"]
[Round "5"]
[White "Abraham, Lajos"]
[Black "Krotos, Jozsef"]
[Result "1-0"]
[WhiteElo "1760"]
[BlackElo "1573"]
[PlyCount "77"]
[EventDate "2014.04.16"]
[EventType "swiss"]
[EventRounds "7"]
[EventCountry "HUN"]
[SourceTitle "EXT 2015"]
[Source "ChessBase"]
[SourceDate "2014.11.20"]
[SourceVersion "1"]
[SourceVersionDate "2014.11.20"]
[SourceQuality "1"]

1. c4 e6 2. Nc3 Nf6 3. e4 d5 4. e5 Nfd7 5. d4 Nb6 6. c5 N6d7 7. Qh5 g6 8. Qh3 b6 9. cxb6 axb6 10. Bh6 f5 11. f4 c5 12. Nf3 Nc6 13. Nb5 Bxh6 14. Qxh6 Qe7 15. Nc7+ Kd8 16. Nxa8 Bb7 17. Nxb6 Nxb6 18. Qg5 Nxd4 19. Qxe7+ Kxe7 20. Nxd4 cxd4 21. 0-0-0 Rc8+ 22. Kb1 Nc4 23. Rxd4 Ne3 24. Rb4 Bc6 25. Ba6 Ra8 26. Bb7 Rb8 27. Rc1 Nc4 28. Rbxc4 dxc4 29. Bxc6 Rb4 30. a3 Rb8 31. Rxc4 Rc8 32. b3 Kd8 33. a4 Rb8 34. Kc2 h6 35. Rd4+ Kc7 36. Rd6 Rb6 37. Be8 Rxd6 38. exd6+ Kxd6 39. Bxg6 1-0

[Event "HUN-chT2 Toth 1314"]
[Site "Hungary"]
[Date "2014.04.13"]
[Round "10.9"]
[White "Abraham, Lajos"]
[Black "Leszko, Bence"]
[Result "1/2-1/2"]
[WhiteElo "1818"]
[BlackElo "1722"]
[PlyCount "107"]
[EventDate "2013.09.08"]
[EventType "team-tourn"]
[EventRounds "11"]
[EventCountry "HUN"]
[SourceTitle "EXT 2016"]
[Source "ChessBase"]
[SourceDate "2015.10.08"]
[SourceVersion "1"]
[SourceVersionDate "2015.10.08"]
[SourceQuality "1"]
[WhiteTeam "Roszke"]
[BlackTeam "Oroshaza"]
[WhiteTeamCountry "HUN"]
[BlackTeamCountry "HUN"]

1. Nf3 b6 2. c4 Bb7 3. e3 e6 4. d4 Nf6 5. a3 Be7 6. Nc3 d6 7. Bd3 Nbd7 8. e4 e5 9. d5 a5 10. Bd2 Nc5 11. Bc2 0-0 12. 0-0 Bc8 13. h3 Ne8 14. b4 Nb7 15. Ba4 f5 16. Bc6 Rb8 17. Kh2 Nf6 18. Qe2 f4 19. Nb5 h6 20. Na7 g5 21. Nxc8 Qxc8 22. Bxb7 Rxb7 23. bxa5 g4 24. Ng1 h5 25. axb6 Rxb6 26. Rab1 Qe8 27. Rxb6 cxb6 28. f3 Qg6 29. Be1 Rf7 30. Kh1 Bd8 31. Bb4 Bc7 32. Qf2 Rh7 33. Rc1 Rg7 34. Ne2 gxh3 35. gxh3 Nxe4 36. fxe4 Qxe4+ 37. Kh2 f3 38. Ng3 Qf4 39. Bd2 Qf7 40. Rg1 Bd8 41. Bh6 Rg6 42. Nxh5 Kh7 43. Rxg6 Qxg6 44. Qxf3 Kxh6 45. Ng3 Bg5 46. Nf5+ Kh7 47. h4 Bf4+ 48. Ng3 Bxg3+ 49. Qxg3 Qc2+ 50. Kh3 Qxc4 51. Qf3 e4 52. Qf7+ Kh8 53. Qf6+ Kh7 54. Qf7+ 1/2-1/2

[Event "Dunaujvaros op"]
[Site "Dunaujvaros"]
[Date "2013.10.12"]
[Round "2"]
[White "Molnar, Laszlo5"]
[Black "Abraham, Lajos"]
[Result "1/2-1/2"]
[WhiteElo "2059"]
[BlackElo "1803"]
[PlyCount "74"]
[EventDate "2013.10.11"]
[EventType "swiss"]
[EventRounds "6"]
[EventCountry "HUN"]
[SourceTitle "EXT 2019"]
[Source "ChessBase"]
[SourceDate "2018.10.10"]
[SourceVersion "1"]
[SourceVersionDate "2018.10.10"]
[SourceQuality "1"]

1. e4 e5 2. Nf3 Nc6 3. Bb5 a6 4. Ba4 Nf6 5. Qe2 d6 6. c3 Bg4 7. h3 Bh5 8. 0-0 Be7 9. Rd1 0-0 10. d4 Bxf3 11. Qxf3 b5 12. Bb3 Qe8 13. a4 Na5 14. Bc2 c5 15. dxe5 dxe5 16. Bg5 Nd7 17. Bc1 c4 18. axb5 axb5 19. Nd2 Nc5 20. Nf1 Nab3 21. Rxa8 Qxa8 22. Ne3 Nxc1 23. Rxc1 Bg5 24. Rd1 Qa2 25. Nd5 Qxb2 26. Qe2 Na4 27. Rb1 Nxc3 28. Nxc3 Qxc3 29. Rxb5 Qd2 30. Qxc4 Qe1+ 31. Qf1 Qxf1+ 32. Kxf1 Bf6 33. Rb7 g5 34. Bb3 Kg7 35. Ke2 h5 36. g4 hxg4 37. hxg4 Kg6 1/2-1/2

[Event "HUN-chT2 Toth 1213"]
[Site "Hungary"]
[Date "2013.04.07"]
[Round "10.9"]
[White "Abraham, Lajos"]
[Black "Kovacs, Sandor2"]
[Result "1-0"]
[WhiteElo "1807"]
[BlackElo "1701"]
[PlyCount "59"]
[EventDate "2012.09.16"]
[EventType "team-tourn"]
[EventRounds "11"]
[EventCountry "HUN"]
[SourceTitle "EXT 2014"]
[Source "ChessBase"]
[SourceDate "2013.11.20"]
[SourceVersion "1"]
[SourceVersionDate "2013.11.20"]
[SourceQuality "1"]
[WhiteTeam "Roszke II"]
[BlackTeam "Felegyhaza Csongrad"]
[WhiteTeamCountry "HUN"]
[BlackTeamCountry "HUN"]

1. c4 e5 2. Nc3 Nf6 3. Nf3 Be7 4. Nxe5 0-0 5. h3 d6 6. Nf3 Nc6 7. d4 Bf5 8. Bf4 Nb4 9. Rc1 Nc2+ 10. Rxc2 Bxc2 11. Qxc2 Nh5 12. Bh2 a6 13. e4 c6 14. Bd3 Bg5 15. Nxg5 Qxg5 16. 0-0 Rad8 17. f4 Qe7 18. e5 g6 19. f5 dxe5 20. dxe5 Qc5+ 21. Kh1 Qe3 22. Rd1 Ng3+ 23. Bxg3 Qxg3 24. Qe2 Rde8 25. Re1 Rd8 26. e6 Rfe8 27. Ne4 Qh4 28. exf7+ Kxf7 29. Nd6+ Rxd6 30. Qxe8+ 1-0

[Event "HUN-chT2 Toth 1213"]
[Site "Hungary"]
[Date "2013.03.24"]
[Round "9.9"]
[White "Varadi, Laszlo"]
[Black "Abraham, Lajos"]
[Result "0-1"]
[WhiteElo "2128"]
[BlackElo "1807"]
[PlyCount "52"]
[EventDate "2012.09.16"]
[EventType "team-tourn"]
[EventRounds "11"]
[EventCountry "HUN"]
[SourceTitle "EXT 2014"]
[Source "ChessBase"]
[SourceDate "2013.11.20"]
[SourceVersion "1"]
[SourceVersionDate "2013.11.20"]
[SourceQuality "1"]
[WhiteTeam "Toth Laszlo II"]
[BlackTeam "Roszke II"]
[WhiteTeamCountry "HUN"]
[BlackTeamCountry "HUN"]

1. e4 e5 2. Nf3 Nc6 3. Bc4 Be7 4. 0-0 Nf6 5. Re1 d6 6. h3 0-0 7. d3 a6 8. a4 Be6 9. Na3 Nd7 10. c3 Nb6 11. Bb3 Bxb3 12. Qxb3 Qd7 13. Be3 Qe6 14. Qc2 f5 15. Bxb6 cxb6 16. d4 fxe4 17. Qxe4 d5 18. Qe3 e4 19. c4 Qg6 20. Ne5 Nxe5 21. dxe5 Bc5 22. Qd2 Rxf2 23. Qxd5+ Kh8 24. g4 Rd2+ 25. Kh1 Rxd5 26. cxd5 Qh6 0-1

[Event "HUN-chT2 Toth 1213"]
[Site "Hungary"]
[Date "2013.03.03"]
[Round "8.9"]
[White "Abraham, Lajos"]
[Black "Diamant, Tibor"]
[Result "0-1"]
[WhiteElo "1807"]
[BlackElo "2107"]
[PlyCount "102"]
[EventDate "2012.09.16"]
[EventType "team-tourn"]
[EventRounds "11"]
[EventCountry "HUN"]
[SourceTitle "EXT 2014"]
[Source "ChessBase"]
[SourceDate "2013.11.20"]
[SourceVersion "1"]
[SourceVersionDate "2013.11.20"]
[SourceQuality "1"]
[WhiteTeam "Roszke II"]
[BlackTeam "Mako II"]
[WhiteTeamCountry "HUN"]
[BlackTeamCountry "HUN"]

1. e4 c5 2. Nf3 Nc6 3. d4 cxd4 4. Nxd4 g6 5. Nxc6 bxc6 6. Qd4 Nf6 7. e5 Nd5 8. e6 Nf6 9. exf7+ Kxf7 10. Bc4+ d5 11. Bb3 Bg7 12. Qc5 Bb7 13. c3 Re8 14. 0-0 e6 15. Be3 Ne4 16. Qa3 a5 17. Bc2 Nd6 18. Bd3 Ba6 19. Bxa6 Rxa6 20. Qb3 a4 21. Qc2 Nc4 22. Nd2 Nxe3 23. fxe3+ Kg8 24. Rab1 Qa5 25. Rf3 Rf8 26. Rxf8+ Kxf8 27. Nf3 Qc5 28. Qd3 Qb5 29. Qxb5 cxb5 30. a3 Ke7 31. Kf2 Kd6 32. Ke2 Kc5 33. Kd3 Rd6 34. Rc1 e5 35. e4 dxe4+ 36. Kxe4 Kc4 37. Rc2 Kb3 38. Re2 Rd8 39. Ng5 Rd1 40. Ne6 Bh6 41. Nc5+ Kc4 42. Na6 Rd2 43. Rxd2 Bxd2 44. Nb4 Kb3 45. Nd3 Bxc3 46. bxc3 Kxc3 47. Ke3 Kb3 48. Nxe5 Kxa3 49. Kd2 b4 50. Nc4+ Kb3 51. Nb6 a3 0-1

[Event "HUN-chT2 Toth 1112"]
[Site "Hungary"]
[Date "2011.09.25"]
[Round "1.10"]
[White "Varga, Tamas"]
[Black "Abraham, Lajos"]
[Result "1/2-1/2"]
[WhiteElo "1745"]
[BlackElo "1845"]
[PlyCount "53"]
[EventDate "2011.09.25"]
[EventType "team-tourn"]
[EventRounds "11"]
[EventCountry "HUN"]
[SourceTitle "EXT 2013"]
[Source "ChessBase"]
[SourceDate "2012.11.22"]
[SourceVersion "1"]
[SourceVersionDate "2012.11.22"]
[SourceQuality "1"]
[WhiteTeam "Bekes"]
[BlackTeam "Roszke II"]
[WhiteTeamCountry "HUN"]
[BlackTeamCountry "HUN"]

1. e4 c5 2. c3 d5 3. exd5 Qxd5 4. d4 e6 5. Be3 cxd4 6. Qxd4 Nf6 7. Qxd5 exd5 8. Nd2 Nc6 9. 0-0-0 Ng4 10. Re1 Nxe3 11. Rxe3+ Be6 12. Nb3 Be7 13. Nf3 0-0 14. Bd3 Rac8 15. Kb1 b6 16. Nbd4 Nxd4 17. Nxd4 Bc5 18. f3 Bxd4 19. cxd4 Rfe8 20. Rhe1 Re7 21. f4 g6 22. g4 Rec7 23. f5 Bd7 24. Re5 Bc6 25. f6 Kf8 26. h4 h6 27. g5 1/2-1/2